000 00352nam a22001451a 4500
020 _a9788188643035
082 _a294.5
_bJAN/R
100 _aJanaki Abhisheki
245 _aReligion as knowledge/
_cby Janaki Abhisheki
260 _aNew Delhi:
_bAkshaya Prakasan,
_c2003.
300 _a462p.
650 _aHinduism
650 _aReligion
942 _cBK
999 _c37937
_d37937